00571pam a2200157 a 4500020000500000041000500005082002800010100001600038245007600054260003600130300000800166700001600174930000900190999001900199952019500218 c h a305.39999999999998bMAN aManas, G, M aProblems Of Working Women In Professional And FamilyhTextual Documents aJaipurbAadi Publicationsc2012 a176 aReddy, J, S a2117 c108950d108950 00102ddc4070aAKSbAKScMSW Libraryd2013-03-30eBharati Madhyavarti Sahakari Grahakbhandar Limitedg650.00l0o305.39999999999998 MANpAKS-W-03914r2023-03-01 00:00:00t1w2023-03-01yBK